• 首页
  • 本馆介绍
  • 公告通知
  • 最新文献
  • 馆藏检索
  • 电子资源
  • 读者导购
  • 参考咨询
  • 我的图书馆
  • 登录
  • 详细信息显示
  • 放入我的书架
  • 预约/预借图书
  • 作者相关作品
  • 分类相关作品
  • 丛书相关作品
  • 出版社相关作品

书目信息

  • 表格格式
  • 工作单格式
  • 卡片格式
题名:
舞蹈编排与创作技法基础教程
    
 
作者: 周黎 主编
分册:  
出版信息: 武汉   华中科技大学出版社  2021.7
页数: 119页
开本: 29cm
丛书名:
单 册:
中图分类: J711.3
科图分类:
主题词: 舞蹈编导--创作方法--高等学校--教材
电子资源:
ISBN: 978-7-5680-2030-5
000 01068nam0 2200265 45
001 012001001884
005 20141011163948.0
010    @a978-7-5680-2030-5@dCNY49.00
090    @aJ71@bzl
096    @aJ71@bzl
100    @a20161014d2016 em y0chiy50 ea
101 0  @achi
102    @aCN@b420000
105    @ay z 000yy
106    @ar
200 1  @a舞蹈编排与创作技法基础教程@Awu dao bian pai yu chuang zuo ji fa ji chu jiao cheng@f周黎主编
210    @a武汉@c华中科技大学出版社@d2021.7
215    @a119页@d29cm
300    @a高等院校艺术学门类“十三五”规划教材 音乐舞蹈类
330    @a本教材系统梳理了舞蹈编排与创作的基础知识,主要从舞蹈的语言、舞蹈艺术的处理、舞蹈与其他艺术的合作、编舞的基本方法、编舞技法种类、编舞中的形式感、动作元素编舞训练、群舞编舞技法训练、舞蹈创作技法与舞蹈创新、舞蹈作品的内容和形式、舞蹈作品的内容美和形式美、舞蹈思维和舞蹈形象、舞蹈作品的意境。
606 0  @a舞蹈编导@x创作方法@x高等学校@j教材
690    @aJ711.3@v5
701  0 @a周黎@Azhou li@4主编
801  2 @aCN@b江苏凤凰@c20211018
905    @b1346095-8@dJ711.3@e331@f4
    
    舞蹈编排与创作技法基础教程/周黎主编.-武汉:华中科技大学出版社,2021.7
    119页;29cm
    高等院校艺术学门类“十三五”规划教材 音乐舞蹈类
    
    ISBN 978-7-5680-2030-5:CNY49.00
    本教材系统梳理了舞蹈编排与创作的基础知识,主要从舞蹈的语言、舞蹈艺术的处理、舞蹈与其他艺术的合作、编舞的基本方法、编舞技法种类、编舞中的形式感、动作元素编舞训练、群舞编舞技法训练、舞蹈创作技法与舞蹈创新、舞蹈作品的内容和形式、舞蹈作品的内容美和形式美、舞蹈思维和舞蹈形象、舞蹈作品的意境。
●
相关链接 在E读中查询图书 在五车中查询图书 在当当中查询图书 在豆瓣中查询图书


正题名:舞蹈编排与创作技法基础教程     索取号:J711.3/331         预约/预借

序号 登录号 条形码 馆藏地/架位号 状态 备注
1 1346095   213460958   第一样本阅览室/ [索取号:J711.3/331] 在馆    
2 1346096   213460967   第一借阅区/ [索取号:J711.3/331] 在馆    
3 1346097   213460976   第一借阅区/ [索取号:J711.3/331] 在馆    
4 1346098   213460985   第一借阅区/ [索取号:J711.3/331] 在馆    
唐山师范学院图书馆 欢迎您!
大连网信软件有限公司© 版权所有